[Event "Oberliga Southwest 2004/05"]
[Site "masterchessopen.com – Germany"]
[Date "2004.11.28"]
[Round "3"]
[White "Hammes Michael (GER)"]
[Black "Seger Ruediger (GER)"]
[Result "1-0"]
[WhiteElo "2357"]
[BlackElo "2406"]

1.d4 Nf6 2.c4 g6 3.Nc3 d5 4.Nf3 Bg7 5.Bf4 O-O 6.Rc1 dxc4 7.e4 c5 8.dxc5 Qa5
9.e5 Ne4 10.Bxc4 Nc6 11.O-O Nxc5 12.Nd5 Ne6 13.b4 Qd8 14.Bg3 h6 15.Qe2 Bd7
16.Rfd1 Qe8 17.Bh4 b5 18.Bxb5 Kh8 19.Bd3 Rb8 20.b5 Ncd4 21.Nxd4 Nxd4 22.Qe3
Ne6 23.Bxe7 Bxb5 24.Bxf8 Bxf8 25.Nf6 Qe7 26.Bxb5 Rxb5 27.Rc8 Kg7 28.h4 Qb7
29.Re8 Qc6 30.h5 g5 31.g3 Qc2 32.Re1 Qf5 33.g4 Qc2 34.Rxe6 {#r} 1-0

[Event "Ch Finland (team) 2004/05 (I Division)"]
[Site "masterchessopen.com – Finland"]
[Date "2005.01.15"]
[Round "5"]
[White "Henttinen Markku I O (FIN)"]
[Black "Nyback Tomi (FIN)"]
[Result "0-1"]
[WhiteElo "2282"]
[BlackElo "2563"]

1.d4 Nf6 2.c4 g6 3.Nc3 d5 4.Nf3 Bg7 5.Bf4 O-O 6.Rc1 dxc4 7.e3 Be6 8.Ne5 Nd5
9.Nxd5 Bxd5 10.Bxc4 Bxg2 11.Rg1 Bd5 12.Qb3 Bxc4 13.Rxc4 Bxe5 14.Bxe5 Nc6
15.Qc3 Nxe5 16.dxe5 c6 17.h4 Qd5 18.h5 Rad8 19.Ke2 Qe6 20.e4 Rd7 21.f4 Rfd8
{#R} 0-1

[Event "It (cat.1) (b)"]
[Site "masterchessopen.com – Budapest (Hungary)"]
[Date "2005.02.07"]
[Round "3"]
[White "Rombaldoni Denis (ITA)"]
[Black "Schneider Veronika (HUN)"]
[Result "1-0"]
[WhiteElo "2316"]
[BlackElo "2194"]

1.d4 Nf6 2.c4 g6 3.Nc3 d5 4.Nf3 Bg7 5.Bf4 O-O 6.Rc1 dxc4 7.e4 Bg4 8.Bxc4 Nh5
9.Be3 Bxf3 10.gxf3 e5 11.dxe5 Bxe5 12.Qb3 Qf6 13.Be2 Nf4 14.Qxb7 Nc6 15.Nd5
Nxd5 16.Rxc6 Rab8 17.Qxb8 Rxb8 18.Rxf6 Nxf6 19.b3 a5 20.Bc4 Nh5 21.Kd2 Nf4
22.Kc2 Rd8 23.Bd2 Nh3 24.Bxa5 Ng5 25.Bc3 Bxc3 26.Kxc3 Nxf3 27.Be2 Nd4 28.Bd3
Nf3 29.a4 c5 30.Rd1 Kf8 31.a5 Ke7 32.a6 Nd4 33.Kc4 Ra8 34.Kxc5 Nxb3+ 35.Kb6
Nd4 36.Bc4 Rd8 37.a7 Rd6+ 38.Kc5 Ne6+ 39.Bxe6 Rxd1 40.Bd5 {#r} 1-0

[Event "It (cat.1) (b)"]
[Site "masterchessopen.com – Budapest (Hungary)"]
[Date "2005.02.07"]
[Round "3"]
[White "Szeberenyi Adam (HUN)"]
[Black "Katsuhara Osamu (JPN)"]
[Result "1-0"]
[WhiteElo "2395"]
[BlackElo "2133"]

1.d4 Nf6 2.Nf3 g6 3.c4 Bg7 4.Nc3 d5 5.Bf4 O-O 6.Rc1 dxc4 7.e3 Be6 8.Ng5 Bd5
9.Nxd5 Nxd5 10.Bxc4 Nxf4 11.Qf3 c6 12.Qxf4 e6 13.h4 Nd7 14.h5 Bh6 15.hxg6 Bxg5
16.Qh2 Qa5+ 17.Ke2 h6 18.f4 Kg7 19.fxg5 Qxg5 20.gxf7 Rxf7 21.Rcf1 Raf8 22.Rf3
Nf6 23.Bxe6 Qb5+ 24.Ke1 Ng4 25.Bxg4 Qb4+ 26.Kd1 Rf6 27.Kc1 c5 28.Qe5 Qc4+
29.Kb1 Qd3+ 30.Ka1 c4 31.Bf5 Qe2 32.Rg3+ Kf7 33.Qc7+ {#r} 1-0

[Event "It (open)"]
[Site "masterchessopen.com – Bunratty (Ireland)"]
[Date "2005.02.19"]
[Round "4"]
[White "O'driscoll Kieran (IRL)"]
[Black "O'shea Kevin (IRL)"]
[Result "1-0"]
[WhiteElo "2107"]
[BlackElo "2035"]

1.d4 Nf6 2.c4 g6 3.Nc3 d5 4.Nf3 Bg7 5.Bf4 O-O 6.Rc1 c5 7.e3 cxd4 8.Nxd4 Nc6
9.Be2 Nxd4 10.exd4 dxc4 11.Bxc4 Bg4 12.Qd2 Rc8 13.Bb3 Bf5 14.O-O Ne4 15.Nxe4
Rxc1 16.Rxc1 Bxe4 17.d5 Bf5 18.h3 Bc8 19.Qe2 Re8 20.Rc7 e5 21.dxe6 Bxe6
22.Bxe6 Rxe6 23.Qc4 Bf6 {#r} 1-0

[Event "It (cat.4)"]
[Site "masterchessopen.com – Guingamp (France)"]
[Date "2005.02.24"]
[Round "7"]
[White "Verat Laurent (FRA)"]
[Black "Sulypa Alexandre (UKR)"]
[Result "1-0"]
[WhiteElo "2343"]
[BlackElo "2489"]

1.d4 Nf6 2.c4 g6 3.Nc3 d5 4.Nf3 Bg7 5.Bf4 O-O 6.Rc1 c5 7.dxc5 Be6 8.Nd4 Nc6
9.Nxe6 fxe6 10.e3 Qa5 11.Qa4 Qxc5 12.Qb5 Qxb5 13.cxb5 Na5 14.Bd3 Rac8 15.O-O
Nc4 16.b3 Nd6 17.Na4 Nd7 18.f3 e5 19.Bg3 Bh6 20.Bf2 e4 21.Be2 Rxc1 22.Rxc1 d4
23.Rc7 dxe3 24.Bg3 Nf6 25.Nc5 exf3 26.gxf3 Nd5 27.Bxd6 exd6 28.Bc4 dxc5
29.Bxd5+ Kh8 30.Bxb7 Bf4 31.Rd7 Re8 32.Be4 Bxh2+ 33.Kf1 Rb8 34.Ke2 Kg8 35.a4
Rf8 36.a5 Re8 37.a6 Kf8 38.b6 Re7 39.Rd8+ Re8 40.Rb8 {#r} 1-0

[Event "Ch France (team) 2005"]
[Site "masterchessopen.com – France"]
[Date "2005.04.03"]
[Round "7"]
[White "Sulava Nenad (CRO)"]
[Black "Berthelot Yannick (FRA)"]
[Result "1-0"]
[WhiteElo "2493"]
[BlackElo "2307"]

1.d4 Nf6 2.c4 g6 3.Nc3 d5 4.Nf3 Bg7 5.Bf4 O-O 6.Rc1 dxc4 7.e3 Be6 8.Ng5 Bd5
9.e4 h6 10.exd5 hxg5 11.Bxg5 Nxd5 12.Bxc4 Nb6 13.Bb3 Nc6 14.Ne2 Rc8 15.h4 Nxd4
16.Nxd4 Qxd4 17.Qxd4 Bxd4 18.h5 gxh5 19.Rxh5 c5 20.Bh6 Rfd8 21.Ke2 Rc6 22.Rg5+
Kh7 23.Rh1 Rg6 24.Bc2 Rd6 25.Bxg6+ fxg6 26.Rg3 Kg8 27.Be3 Re6 28.Kd3 Nd5
29.Bxd4 Nf4+ 30.Kc4 cxd4 31.Rg4 Ne2 32.Kd3 Kg7 33.g3 {#r} 1-0

[Event "It (open)"]
[Site "masterchessopen.com – Prague (Czech Republic)"]
[Date "2005.07.02"]
[Round "1"]
[White "Kamenik Robert (CZE)"]
[Black "Kozak Petr (CZE)"]
[Result "0-1"]
[WhiteElo "1979"]
[BlackElo "2201"]

1.d4 Nf6 2.c4 g6 3.Nc3 d5 4.Nf3 Bg7 5.Bf4 O-O 6.cxd5 Nxd5 7.Nxd5 Qxd5 8.Bxc7
Nc6 9.e3 Bg4 10.h3 Bxf3 11.Qxf3 Qd7 12.Bg3 Nb4 13.Qd1 Qf5 14.Rc1 Rac8 15.Rxc8
Rxc8 16.a3 Nc2+ 17.Kd2 Qa5+ 18.Ke2 Qb5+ 19.Qd3 Qxb2 20.Kf3 Ne1+ {#R} 0-1

[Event "Cup North Sea (open)"]
[Site "masterchessopen.com – Esbjerg (Denmark)"]
[Date "2005.07.03"]
[Round "2"]
[White "Rasmussen Kasper Ammitzboll (DEN)"]
[Black "Brinck-Claussen Bjorn (DEN)"]
[Result "0-1"]
[WhiteElo "1999"]
[BlackElo "2342"]

1.d4 Nf6 2.Nf3 g6 3.c4 Bg7 4.Nc3 d5 5.Bf4 O-O 6.Rc1 c5 7.dxc5 Be6 8.e3 Qa5
9.Qa4 Qxc5 10.b4 Qc8 11.c5 Ne4 12.Nxe4 dxe4 13.Ne5 g5 14.Bg3 f5 15.Nc4 Nd7
16.Na5 Nb6 17.Qa3 Nd5 18.Bc4 Bf7 19.Bxd5 Bxd5 20.Nc4 Qe6 21.Na5 Qa6 22.Rd1
Rad8 23.Bc7 Rd7 24.Qc1 Qe6 25.Bg3 Qf6 26.f4 exf3 27.gxf3 f4 28.exf4 gxf4
29.Bf2 Qe6+ 30.Kf1 Bxf3 31.Rxd7 Qxd7 32.Rg1 Qd3+ {#R} 0-1

[Event "It (open) \"]
[Site "masterchessopen.com – Prague (Czech Republic)"]
[Date "2005.09.20"]
[Round "6"]
[White "Cernousek Lukas (CZE)"]
[Black "Stehno Pavel (CZE)"]
[Result "1-0"]
[WhiteElo "2379"]
[BlackElo "2337"]

1.d4 Nf6 2.Nf3 g6 3.c4 Bg7 4.Nc3 d5 5.Bf4 O-O 6.cxd5 Nxd5 7.Nxd5 Qxd5 8.Bxc7
Na6 9.Bf4 Qe4 10.e3 Nb4 11.Rc1 Bf5 12.Bc4 b5 13.Bxb5 Rab8 14.Bxb8 Rxb8 15.Bc4
Nc2+ 16.Rxc2 Qxc2 17.Qxc2 Bxc2 18.b3 Bb1 19.Kd2 Bf5 20.Rc1 h6 21.Bd3 Be6
22.Rc7 a5 23.Ra7 Bd5 24.Rxa5 Rd8 25.Rc5 g5 26.h3 e5 27.dxe5 Bf8 28.Rc7 {#r}
1-0

[Event "It (open)"]
[Site "masterchessopen.com – Senden (Germany)"]
[Date "2005.10.03"]
[Round "4"]
[White "Kunz Konstantin (GER)"]
[Black "Meyer Juergen (GER)"]
[Result "1-0"]
[WhiteElo "2199"]
[BlackElo "1856"]

1.d4 Nf6 2.c4 g6 3.Nc3 d5 4.Nf3 Bg7 5.Bf4 O-O 6.Rc1 c5 7.dxc5 Qa5 8.cxd5 Ne4
9.Bd2 Nxc3 10.Bxc3 Bxc3+ 11.Rxc3 Qxa2 12.Qd2 Rd8 13.d6 exd6 14.e3 Be6 15.cxd6
Nc6 16.Be2 Rd7 17.Ng5 Rad8 18.Ne4 Qb1+ 19.Qd1 Qxe4 {#r} 1-0

[Event "It (open)"]
[Site "masterchessopen.com – Bad Woerishofen (Germany)"]
[Date "2006.03.21"]
[Round "5"]
[White "Kunz Konstantin (GER)"]
[Black "Magar Johannes (GER)"]
[Result "1-0"]
[WhiteElo "2211"]
[BlackElo "2093"]

1.d4 Nf6 2.Nf3 g6 3.c4 Bg7 4.Nc3 d5 5.Bf4 O-O 6.Rc1 c5 7.dxc5 Qa5 8.cxd5 Rd8
9.Bd2 Qxc5 10.e4 Ng4 11.Qe2 Na6 12.a3 Bd7 13.h3 Ne5 14.b4 Qd6 15.Nxe5 Bxe5
16.Qe3 e6 17.Bxa6 Qxa6 18.f4 Bg7 19.a4 exd5 20.b5 Qa5 21.Nxd5 Qxa4 22.Bc3 Re8
23.Bxg7 Kxg7 24.Qc3+ Kh6 25.O-O Rxe4 26.Rcd1 Be6 27.g4 Rc8 28.g5+ Kh5 29.Qg7
Bxh3 30.Nf6+ Kh4 {#r} 1-0

[Event "Ch Poland (juniors) (under 18)"]
[Site "masterchessopen.com – Leba (Poland)"]
[Round "9"]
[White "Gajdzica Maciej (POL)"]
[Black "Nowacki Adrian (POL)"]
[Result "1-0"]
[WhiteElo "2094"]
[BlackElo "2028"]

1.d4 Nf6 2.Nf3 g6 3.Bf4 Bg7 4.c4 O-O 5.Nc3 d5 6.Rc1 Na6 7.e3 c6 8.h3 Qa5 9.Qd2
Bd7 10.Be2 dxc4 11.Bxc4 b5 12.Bb3 Rfd8 13.Ne5 Be8 14.O-O c5 15.Rfe1 Qb4
16.Red1 cxd4 17.exd4 Rac8 18.Qe3 Nb8 19.d5 Nh5 20.Bh2 Qc5 21.Qf3 Nf6 22.Ne2
Qd6 23.Rxc8 Rxc8 24.Nd4 a5 25.a3 a4 26.Ba2 b4 27.axb4 Qxb4 28.Qe2 Bf8 29.d6
exd6 30.Nxf7 d5 31.Ng5 Qb6 32.Be5 Nbd7 33.Nde6 Be7 34.Rxd5 Nxd5 35.Bxd5 Rc1+
36.Kh2 Qa5 37.Nc5+ Bf7 38.Bxf7+ {#r} 1-0

[Event "It (open)"]
[Site "masterchessopen.com – Znojmo (Czech Republic)"]
[Date "2006.05.19"]
[Round "7"]
[White "Kuciel Wladyslaw (POL)"]
[Black "Sondermann Johannes (GER)"]
[Result "0-1"]
[WhiteElo "2145"]
[BlackElo "2152"]

1.d4 Nf6 2.c4 g6 3.Nc3 d5 4.Nf3 Bg7 5.Bf4 O-O 6.Rc1 c5 7.e3 cxd4 8.exd4 Nc6
9.Be2 dxc4 10.Bxc4 Nh5 11.Be3 Bg4 12.Be2 Bxf3 13.Bxf3 Nxd4 14.Bxh5 gxh5
15.Qxh5 Qb6 16.b3 Qa6 17.Bxd4 Bxd4 18.Nb5 Qa5+ 19.Kf1 Bb2 20.Rc5 Qxa2 21.Qg4+
Kh8 22.g3 f5 23.Qc4 Bg7 24.Kg2 Rad8 25.Nc3 Qb2 26.Nd5 Bd4 27.Rc7 Qxf2+ 28.Kh3
Rd6 29.Kh4 Rg8 30.Nf4 {#R} 0-1

[Event "Tournament (open)"]
[Site "masterchessopen.com – Pszczyna (Poland)"]
[Date "2006.07.18"]
[Round "2"]
[White "Czernicki Bogdan (POL)"]
[Black "Walach Marcin (POL)"]
[Result "1-0"]
[WhiteElo "2112"]
[BlackElo "2351"]

1.d4 Nf6 2.Nf3 g6 3.c4 Bg7 4.Nc3 d5 5.Bf4 O-O 6.c5 b6 7.b4 Ne4 8.Qb3 Nxc3
9.Qxc3 a5 10.b5 c6 11.e3 Bb7 12.bxc6 Bxc6 13.cxb6 Qxb6 14.Bd3 Qb4 15.Rc1 Rc8
16.O-O Nd7 17.a3 Qb6 18.Qd2 Bf8 19.Rb1 Qa7 20.Ne5 Nxe5 21.Bxe5 f6 22.Bg3 e6
23.Qa2 a4 24.h4 Qe7 25.Rb4 Qa7 26.Rb2 Qe7 27.Rb4 Be8 28.Qb2 Qd8 29.Rb6 Bxa3
30.Qb1 Rc3 31.Rb7 Rac8 32.Rb6 Rc1 33.Qa2 Rxf1+ 34.Kxf1 Be7 {#r} 1-0

[Event "It (cat.2)"]
[Site "masterchessopen.com – Budapest (Hungary)"]
[Date "2006.09.02"]
[Round "1"]
[White "Balazs Gabor (HUN)"]
[Black "Keschitz Gyorgy (HUN)"]
[Result "0-1"]
[WhiteElo "2275"]
[BlackElo "2279"]

1.d4 Nf6 2.c4 g6 3.Nc3 d5 4.Nf3 Bg7 5.Bf4 O-O 6.Rc1 dxc4 7.e4 Bg4 8.Bxc4 Nfd7
9.Nb5 c6 10.Nc7 e5 11.Nxa8 exf4 12.Qb3 Bxf3 13.gxf3 Bxd4 14.Qxb7 Ne5 15.Be2
Nbd7 16.Rd1 Nc5 17.Qc7 Ne6 18.Qxd8 Rxd8 19.O-O Rxa8 20.Rd2 a5 21.Kg2 a4 22.b3
a3 23.Rfd1 c5 24.Rc2 Nc6 25.Bc4 Nb4 26.Re2 Ra7 27.Kf1 Kf8 28.Kg2 Ke7 29.Kf1
Bc3 {#R} 0-1

[Event "It (open)"]
[Site "masterchessopen.com – Alcala de Henares (Spain)"]
[Date "2006.10.08"]
[Round "2"]
[White "Wehmeier Stefan (GER)"]
[Black "Rojo Huerta Gabriel (ESP)"]
[Result "0-1"]
[WhiteElo "2400"]
[BlackElo "2387"]

1.d4 Nf6 2.c4 g6 3.Nc3 d5 4.Nf3 Bg7 5.Bf4 O-O 6.h3 c5 7.e3 Nc6 8.dxc5 Qa5
9.Qa4 Qxc5 10.Qb5 Qxb5 11.cxb5 Nb4 12.Rc1 Ne4 13.Be5 Bxe5 14.Nxe5 Bf5 15.g4 d4
16.exd4 Nxc3 17.bxc3 Nxa2 18.Ra1 Be6 19.Kd2 Rac8 20.c4 f6 21.Nf3 Nb4 22.Ra4 a5
23.d5 Rfd8 24.Nd4 Bxd5 25.cxd5 Rxd5 26.Rxb4 axb4 27.Ke3 Rc3+ 28.Ke4 Re5+ {#R}
0-1

[Event "Ch World (for the Blind)"]
[Site "masterchessopen.com – Goa (India)"]
[Date "2006.10.13"]
[Round "5"]
[White "Johansen Kai-Roger (NOR)"]
[Black "Cabarkapa Milenko (SRB)"]
[Result "1-0"]
[WhiteElo "2069"]
[BlackElo "2197"]

1.c4 Nf6 2.Nc3 d5 3.d4 g6 4.Nf3 Bg7 5.Bf4 O-O 6.cxd5 Nxd5 7.Nxd5 Qxd5 8.Bxc7
Nc6 9.e3 Bf5 10.a3 Rac8 11.Bg3 Na5 12.Bd3 Nb3 13.Rb1 Qa5+ 14.Ke2 Qb6 15.Bxf5
gxf5 16.Qd3 e6 17.Nd2 Nxd2 18.Kxd2 f4 19.Bh4 e5 20.d5 fxe3+ 21.fxe3 f5 22.d6
Qc6 23.Rhf1 Rcd8 24.Bxd8 Rxd8 25.Ke2 Rxd6 26.Qb3+ Kh8 27.Rxf5 Qxg2+ 28.Rf2
Rd2+ 29.Kxd2 Qxf2+ 30.Kd3 e4+ 31.Kxe4 Qg2+ 32.Kd3 Qg6+ 33.e4 Qf6 34.Qd5 Qf3+
35.Kc4 Qe2+ 36.Kb3 Qe3+ 37.Ka2 Bd4 38.Qxb7 Qf2 39.Rd1 {#r} 1-0

[Event "Ch Norway (team) 2006/07"]
[Site "masterchessopen.com – Norway"]
[Date "2007.01.13"]
[Round "5"]
[White "Moen Ole-Christian (NOR)"]
[Black "Kirkebo Carl Peter (NOR)"]
[Result "1-0"]
[WhiteElo "2231"]
[BlackElo "2156"]

1.d4 Nf6 2.c4 g6 3.Nc3 d5 4.Nf3 Bg7 5.Bf4 O-O 6.Rc1 dxc4 7.e3 Be6 8.Ng5 Bd5
9.e4 h6 10.exd5 hxg5 11.Bxg5 Nxd5 12.Bxc4 Nb6 13.Bb3 Qxd4 14.Qxd4 Bxd4 15.Nb5
Bxb2 16.Rc2 Be5 17.Nxc7 Nc6 18.Nxa8 Rxa8 19.Be3 Nb4 20.Re2 Nd3+ 21.Kf1 Rc8
22.g3 Nc1 23.Bxc1 Rxc1+ 24.Kg2 Rxh1 25.Rxe5 Rb1 26.Rxe7 a5 27.Rxb7 Nc4 28.Rc7
Ne5 29.Re7 Nc6 30.Bxf7+ Kf8 31.Rc7 Nb4 32.Bxg6 Rb2 33.a3 {#r} 1-0

[Event "Ch Baden"]
[Site "masterchessopen.com – Oberwinden (Germany)"]
[Date "2007.04.10"]
[Round "6"]
[White "Klee Helmut (GER)"]
[Black "Saering Patrick (GER)"]
[Result "0-1"]
[WhiteElo "2141"]
[BlackElo "2195"]

1.d4 Nf6 2.Nf3 g6 3.c4 Bg7 4.Nc3 d5 5.Bf4 O-O 6.Rc1 dxc4 7.e4 Bg4 8.Bxc4 Nh5
9.Be3 Bxf3 10.gxf3 e5 11.d5 Nf4 12.Bxf4 exf4 13.O-O Nd7 14.Kh1 Ne5 15.Be2 Qh4
16.Nb5 c6 17.Nc3 Ng4 18.fxg4 f3 19.Rg1 Be5 20.Rg3 Bxg3 21.fxg3 fxe2 22.Qxe2
Qg5 23.Rd1 Rad8 24.Qf3 Qe5 25.Rf1 Rd7 26.Re1 cxd5 {#R} 0-1

[Event "It (open)"]
[Site "masterchessopen.com – Kolobrzeg (Poland)"]
[Date "2007.08.18"]
[Round "2"]
[White "Konieczynski Piotr (POL)"]
[Black "Kozakov Mikhail (UKR)"]
[Result "0-1"]
[WhiteElo "1948"]
[BlackElo "2449"]

1.d4 Nf6 2.Nf3 g6 3.c4 Bg7 4.Nc3 d5 5.Bf4 O-O 6.Rc1 dxc4 7.e3 Be6 8.h3 Na6
9.Ne5 c5 10.dxc5 Nxc5 11.Bxc4 Bxc4 12.Nxc4 Nd3+ 13.Ke2 Nxc1+ 14.Qxc1 Nd5
15.Be5 Bxe5 16.Nxe5 Rc8 17.Qd2 Nxc3+ 18.bxc3 Qa5 19.Nf3 Rfd8 {#R} 0-1

[Event "It (open)"]
[Site "masterchessopen.com – Panevezys (Lithuania)"]
[Date "2007.08.18"]
[Round "1"]
[White "Valiuska Stasys (LTU)"]
[Black "Labuckas Aidas (LTU)"]
[Result "0-1"]
[WhiteElo "1690"]
[BlackElo "2287"]

1.d4 Nf6 2.c4 g6 3.Nc3 d5 4.Bf4 Bg7 5.Nf3 O-O 6.Rc1 dxc4 7.e3 Nh5 8.Bg3 c5
9.Bxb8 Rxb8 10.Bxc4 Bg4 11.Be2 Bxf3 12.Bxf3 cxd4 13.exd4 Nf4 14.d5 e6 15.dxe6
Nd3+ {#R} 0-1

[Event "It (open)"]
[Site "masterchessopen.com – Bratto (Italy)"]
[Date "2007.08.25"]
[Round "3"]
[White "Barlocco Carlo (ITA)"]
[Black "Hunt Adam (ENG)"]
[Result "0-1"]
[WhiteElo "2134"]
[BlackElo "2464"]

1.d4 Nf6 2.Nf3 g6 3.c4 Bg7 4.Nc3 d5 5.Bf4 O-O 6.Rc1 dxc4 7.e4 c5 8.d5 b5 9.e5
Nh5 10.Be3 Bg4 11.Be2 Nd7 12.Nxb5 Bxf3 13.Bxf3 Nxe5 14.Be2 Rb8 15.a4 a6 16.Na3
Nd3+ 17.Bxd3 cxd3 18.Qxd3 Qa5+ 19.Bd2 Qxa4 20.Nc4 Nf6 21.O-O Rfd8 22.Ne3 Qd4
23.Qe2 Rxb2 24.Rfd1 Nxd5 25.Rc4 Qe5 26.Qd3 Qd6 27.Bc1 Nxe3 28.Qxd6 Rxd6 {#R}
0-1

[Event "Ch World (juniors) (under 20) (g)"]
[Site "masterchessopen.com – Yerevan (Armenia)"]
[Date "2007.10.14"]
[Round "11"]
[White "Pertlova Sona (CZE)"]
[Black "Padmini Rout (IND)"]
[Result "1-0"]
[WhiteElo "2169"]
[BlackElo "2226"]

1.d4 Nf6 2.c4 g6 3.Nf3 Bg7 4.Nc3 d5 5.Bf4 O-O 6.Rc1 dxc4 7.e4 Bg4 8.Bxc4 Nh5
9.Be3 Bxf3 10.gxf3 e5 11.dxe5 Bxe5 12.Qxd8 Rxd8 13.O-O Nc6 14.Nd5 Na5 15.Bg5
Rd7 16.Bb5 c6 17.b4 f6 18.Be3 Nb3 19.Rxc6 bxc6 20.Bxc6 Rad8 21.Bxd7 Rxd7
22.axb3 f5 23.Rc1 Kf7 24.Rc6 fxe4 25.fxe4 Nf6 26.Nxf6 Bxf6 27.Ra6 Bd4 28.Bxd4
Rxd4 29.Rxa7+ Ke6 30.Rxh7 Rxb4 31.Rh3 Ke5 32.Re3 g5 33.Kg2 Rb8 34.Kg3 Ra8
35.f3 Ra1 36.Rd3 Rg1+ 37.Kf2 Rb1 38.Rd5+ Kf6 39.Rf5+ Kg6 40.Rb5 {#r} 1-0

[Event "It (cat.3)"]
[Site "masterchessopen.com – Chicago (USA)"]
[Date "2007.11.02"]
[Round "7"]
[White "Vigorito David (USA)"]
[Black "Haessel Dale R (CAN)"]
[Result "1-0"]
[WhiteElo "2399"]
[BlackElo "2152"]

1.c4 Nf6 2.Nf3 g6 3.Nc3 d5 4.d4 Bg7 5.Bf4 O-O 6.Rc1 dxc4 7.e4 c5 8.dxc5 Qa5
9.e5 Nh5 10.Be3 Nc6 11.Bxc4 Nxe5 12.Nxe5 Bxe5 13.O-O Nf4 14.Qf3 Ne6 15.b4 Qxb4
16.Nd5 Qa5 17.Nxe7+ Kh8 18.c6 b5 19.Bb3 Ba6 20.c7 Rae8 21.Nc6 Qxc7 22.Nxa7 Qe7
23.Nc6 Qf6 24.Nxe5 Qxe5 25.Rfd1 Rd8 26.Rxd8 Nxd8 27.Bf4 Qf6 28.Qe3 Kg8 29.Bh6
Nc6 30.Rxc6 {#r} 1-0

[Event "Cup Russia (team)"]
[Site "masterchessopen.com – Miass (Russia)"]
[Date "2007.11.19"]
[Round "1"]
[White "Grishchenko Sergey (RUS)"]
[Black "Dvoirys Semen I (RUS)"]
[Result "1-0"]
[WhiteElo "2355"]
[BlackElo "2572"]

1.d4 Nf6 2.c4 g6 3.Nc3 d5 4.Bf4 Bg7 5.Nf3 O-O 6.Rc1 dxc4 7.e4 c5 8.dxc5 Nbd7
9.Bxc4 Nxc5 10.e5 Be6 11.exf6 Bxc4 12.fxg7 Nd3+ 13.Qxd3 Qxd3 14.gxf8=Q+ Rxf8
15.Ne5 Qd4 16.Nxc4 Qxc4 17.Be3 f5 18.Rd1 e5 19.f3 b5 20.a3 a5 21.Rd2 b4
22.axb4 axb4 23.Ne2 f4 24.Bf2 Rc8 25.O-O g5 26.Re1 h5 27.Kh1 g4 28.Ng1 Re8
29.Rde2 Qd5 30.Re4 Qb3 31.Bd4 Kf7 32.Bxe5 Rxe5 33.Rxe5 Qxb2 34.R1e4 b3
35.Rxf4+ Kg6 36.Rb5 {#r} 1-0

[Event "Ch France (seniors)"]
[Site "masterchessopen.com – Pau (France)"]
[Date "2008.08.15"]
[Round "4"]
[White "Maurel Jean-Louis (FRA)"]
[Black "Bordet Jacky (FRA)"]
[Result "1-0"]
[WhiteElo "1973"]
[BlackElo "1759"]

1.d4 Nf6 2.c4 g6 3.Nc3 d5 4.Nf3 Bg7 5.Bf4 O-O 6.h3 c5 7.e3 Qa5 8.Qd2 dxc4
9.Bxc4 Nc6 10.d5 Rd8 11.O-O Bf5 12.Qe2 Nb4 13.e4 Bd7 14.a3 Na6 15.e5 Ne8
16.Rad1 Nac7 17.Bg5 b5 18.Ba2 b4 19.d6 exd6 20.Bxd8 bxc3 21.Bxc7 Qxc7 22.exd6
Qb7 23.Bd5 Bc6 24.Bxc6 Qxc6 25.d7 Nd6 26.Qe7 Nb7 27.d8=Q+ Nxd8 28.Rxd8+ Rxd8
29.Qxd8+ Bf8 30.Ne5 Qe6 31.Nd7 Qd6 32.Qxf8+ Qxf8 33.Nxf8 Kxf8 34.bxc3 {#r} 1-0

[Event "Memorial M.Tal (cat.20)"]
[Site "masterchessopen.com – Moscow (Russia)"]
[Date "2008.08.18"]
[Round "1"]
[White "Ivanchuk Vassily (UKR)"]
[Black "Kamsky Gata (USA)"]
[Result "1-0"]
[WhiteElo "2786"]
[BlackElo "2729"]

1.d4 Nf6 2.c4 g6 3.Nc3 d5 4.Bf4 Bg7 5.Nf3 O-O 6.Rc1 dxc4 7.e4 Bg4 8.Bxc4 Nfd7
9.Be2 Nc6 10.Be3 Nb6 11.d5 Bxf3 12.gxf3 Ne5 13.Qb3 { N } ( 13.Bd4 c6 14.f4
Ned7 15.Bxg7 Kxg7 16.dxc6 bxc6 17.O-O e5 18.fxe5 Qg5+ 19.Kh1 Qf4 20.Rc2 Nxe5
21.Qc1 Nd3 22.Qxf4 Nxf4 23.Ba6 Rae8 24.f3 f5 25.Rg1 Nd7 26.exf5 Nc5 27.f6+
Rxf6 28.Bf1 a5 29.Ne2 Ncd3 30.Nxf4 Nxf4 31.Rc5 a4 32.Rc4 Rb8 33.Rc2 Re8 34.Rc4
Rb8 35.Rc2 Rd8 36.Bc4 Rfd6 37.h4 Rd2 38.Rgc1 Kf6 39.Bf1 Rxc2 40.Rxc2 Rd6
41.Kg1 Ke5 42.Kf2 Nd5 43.Rd2 Rf6 44.Bc4 Rf4 45.Kg3 Rxc4 { 0-1, Jost Claude
(FRA) 2290 - Kouatly Bachar (FRA) 2515, France 1992 } ) 13...c6 14.f4 Ned7
15.O-O Qe8 { ?! } ( 15...cxd5 { !? } ) 16.a4 cxd5 17.Nb5 Rc8 18.Rxc8 Qxc8 { DA
} 19.e5 ( 19.Nxa7 { !? } 19...Qb8 20.Bxb6 Nxb6 21.Qxb6 Qxf4 22.Qe3 { ± } )
19...a6 { ?! } 20.Na7 ( 20.Nc3 { !? } 20...Qc6 21.a5 Nc4 22.Nxd5 Qxd5 23.Bxc4
Qf3 24.Bd5 Qg4+ 25.Kh1 { ± } ) 20...Qc7 { ?! } ( 20...Qd8 { !? } ) 21.Rc1 Qd8
22.a5 Nc4 23.Bxc4 dxc4 24.Qxb7 g5 25.Nc6 Qe8 26.Rxc4 gxf4 27.Bxf4 Kh8 28.Bg3 (
28.Qxa6 { !? } 28...Rg8 29.Kf1 { +?? } ) 28...Rg8 29.Kf1 e6 30.Rd4 { ! }
30...Nc5 31.Qb6 Nd7 32.Qc7 Nb8 33.Nd8 Qb5+ 34.Kg1 h6 35.Nxf7+ Kh7 36.Qc2+ {#r}
1-0

[Event "Ch Iceland (challengers)"]
[Site "masterchessopen.com – Reykjavik (Iceland)"]
[Date "2008.08.27"]
[Round "1"]
[White "Fridgeirsson Dagur Andri (ISL)"]
[Black "Halldorsson Halldor (ISL)"]
[Result "0-1"]
[WhiteElo "1795"]
[BlackElo "2201"]

1.d4 Nf6 2.c4 g6 3.Nc3 d5 4.Bf4 Bg7 5.Nf3 O-O 6.Rc1 Na6 7.e3 c6 8.cxd5 cxd5
9.Bxa6 bxa6 10.O-O Nh5 11.Be5 f6 12.Bf4 g5 13.Bg3 Nxg3 14.hxg3 Rb8 15.Qc2 Kh8
16.Na4 Rb4 17.Nd2 e5 18.a3 Rb7 19.Nc5 Rc7 20.Qd3 e4 21.Qe2 f5 22.Nxa6 Rxc1
23.Rxc1 Qd6 24.Nb4 a5 25.Nc6 f4 26.gxf4 gxf4 27.exf4 Qxf4 28.Qe3 Qh4 29.Qg3
Qxg3 30.fxg3 Bh6 31.Rc2 Rf6 32.Nf1 Ba6 33.Nh2 Bd3 34.Ng4 Rf1+ 35.Kh2 Bxc2
36.Nxh6 e3 {#R} 0-1

[Event "It (open)"]
[Site "masterchessopen.com – Zvenigorod (Russia)"]
[Date "2008.09.30"]
[Round "9"]
[White "Skomorokhin Roman (RUS)"]
[Black "Leontiev Aleksandr V (RUS)"]
[Result "1-0"]
[WhiteElo "2400"]
[BlackElo "2312"]

1.d4 Nf6 2.c4 g6 3.Nf3 Bg7 4.Nc3 d5 5.Bf4 O-O 6.Rc1 c5 7.dxc5 dxc4 8.Qxd8 Rxd8
9.e4 Na6 10.Bxc4 Nxc5 11.e5 Be6 12.Be2 Nh5 13.Be3 Nd3+ 14.Bxd3 Rxd3 15.O-O b6
16.b3 Rad8 17.Nb5 a6 18.Nbd4 Bg4 19.Nc6 Re8 20.Nfd4 a5 21.Rfe1 f6 22.e6 f5
23.f3 Nf6 24.Bf2 Bh5 25.Nb5 Nd5 26.Rcd1 Nb4 27.Nc7 Rf8 28.Nxe7+ Kh8 29.a3 Be5
30.axb4 {#r} 1-0

[Event "It (cat.1) (a)"]
[Site "masterchessopen.com – Budapest (Hungary)"]
[Date "2008.11.02"]
[Round "2"]
[White "Szeberenyi Adam (HUN)"]
[Black "Kislik Erik Andrew (USA)"]
[Result "1-0"]
[WhiteElo "2309"]
[BlackElo "2278"]

1.Nf3 Nf6 2.c4 g6 3.Nc3 d5 4.d4 Bg7 5.Bf4 O-O 6.Rc1 dxc4 7.e3 Be6 8.Ng5 Bd5
9.Nxd5 Nxd5 10.Bxc4 Nxf4 11.Qf3 c6 12.Qxf4 Qa5+ 13.Rc3 Qf5 14.Qh4 h6 15.Nxf7
e6 16.Nxh6+ Bxh6 17.Qxh6 Qb1+ 18.Ke2 Qxb2+ 19.Kd3 Rf6 20.Rb3 Qxa2 21.Rxb7 Qa3+
22.Ke4 {#r} 1-0